Statistiques concernant Sigles en chimie

Cliquez ici pour prendre le quiz!

Statistiques générales

  • Ce quiz a été pris 305 fois
  • Le résultat moyen est 23 sur 99

Statistiques - réponses

Réponse% Correct
Hydro
76%
Hydrogène
66%
potentiel
64%
Chromatographie
62%
Chromatographie
62%
Chromatographie
62%
Chromatography
62%
Shell
61%
(sur) Couche
60%
Mince
59%
Poly
57%
Poly
57%
Poly
57%
Poly
57%
Nucléaire
45%
High
44%
Di
43%
Magnétique
42%
Tétra
42%
Vinyl
42%
(d') Ethylène
41%
Ethylène
41%
(en) Phase
39%
Gazeuse
39%
Liquid
39%
Méthyl
37%
Résonance
37%
En
34%
Oxy
34%
Chloride
31%
Furane
28%
Chemistry
27%
Sécurité
26%
Electron
25%
Environnement
25%
Mutagène
25%
Hygiène
24%
Performance
23%
Reprotoxique
22%
Glycol
21%
International
21%
Valence
20%
Cancérogène
18%
(en) Quantités
18%
Quantité
18%
Ordinateur
17%
Ordinateur
17%
Assisté
16%
Assistée
16%
Pour
16%
Téréphtalate
16%
Repulsion
14%
Suffisante
14%
(d') Exclusion
13%
Infra
13%
Formamide
12%
Pair
12%
Rouge
12%
Stérique
12%
Union
12%
Dessin
11%
(à) Transformée
10%
(de) Fourier
10%
Differential
10%
Calorimetry
9%
Conception
9%
Electrode
9%
Hauteur
9%
Plasma
9%
(and) Applied
8%
(au) Calomel
8%
(à un) Plateau
8%
Equivalente
8%
Iso
8%
Méthylène
8%
Nitrile
8%
Saturée
8%
Théorique
8%
Azobis
7%
Coupled
7%
Butyro
6%
Inductively
6%
Limite
6%
(of) CHemicals
6%
(of) Pure
6%
Scanning
6%
Authorization and restriction
5%
Evaluation
5%
Général
4%
Registration
4%
Supérieure
4%
Toxiques
4%
Déchets
3%
Dispersées
3%
Harmonisé
3%
Système
3%
(d') Explosivité
2%
Métaux
2%
Feuille
1%

Distribution des résultats

Percentile par nombre de réponses

% des personnes avec chaque résultat

Votre développement - résultats

Vous n’avez pas pris ce quiz